Días de bohemia : (Record no. 72923)

MARC details
000 -LEADER
campo de control de longitud fija 00683nam a2200229 4500
001 - NÚMERO DE CONTROL
campo de control 72923
003 - IDENTIFICADOR DE NÚMERO DE CONTROL
campo de control ES-MaACL
005 - FECHA Y HORA DE LA ÚLTIMA TRANSACCIÓN
campo de control 20251108153258.0
007 - CAMPO FIJO DE DESCRIPCIÓN FÍSICA--INFORMACIÓN GENERAL
campo de control de longitud fija t|
008 - DATOS DE LONGITUD FIJA--INFORMACIÓN GENERAL
campo de control de longitud fija 040903s1930 sp |||| |bspa d
080 ## - NÚMERO DE LA CLASIFICACIÓN DECIMAL UNIVERSAL
Número de la Clasificación Decimal Universal 821.134.2-31"19"
100 1# - ENTRADA PRINCIPAL--NOMBRE DE PERSONA
Nombre de persona Gorkin, Julián.
9 (RLIN) 59188
245 10 - MENCIÓN DEL TÍTULO
Título Días de bohemia :
Resto del título novela /
Mención de responsabilidad, etc. J.G. Gorkin ; [prólogo de Henri Barbusse].
260 ## - PUBLICACIÓN, DISTRIBUCIÓN, ETC.
Lugar de publicación, distribución, etc. Madrid :
Nombre del editor, distribuidor, etc. Ulises,
Fecha de publicación, distribución, etc. 1930.
300 ## - DESCRIPCIÓN FÍSICA
Extensión 243 p., [1] h. de lám. retr. ;
Dimensiones 19 cm.
650 #7 - PUNTO DE ACCESO ADICIONAL DE MATERIA--TÉRMINO DE MATERIA
Término de materia o nombre geográfico como elemento de entrada Vida bohemia
Fuente del encabezamiento o término embne
9 (RLIN) 17789
700 1# - ENTRADA AGREGADA--NOMBRE PERSONAL
Nombre de persona Barbusse, Henri,
Fechas asociadas al nombre 1873-1935
9 (RLIN) 25487
700 1# - ENTRADA AGREGADA--NOMBRE PERSONAL
Nombre de persona Puyol, Ramón.
9 (RLIN) 145346
852 ## - LOCALIZACIÓN
Ubicación ES-MaACL
Número de control de estantería B-3671
942 ## - ELEMENTOS DE ENTRADA SECUNDARIOS (KOHA)
Fuente del sistema de clasificación o colocación Clasificación decimal universal
Holdings
Estatus retirado Estado de pérdida Estado de daño No para préstamo Biblioteca de origen Biblioteca actual Ubicación en estantería Fecha de adquisición Fuente de adquisición Total de préstamos Signatura topográfica completa Código de barras Visto por última vez Precio de reemplazo Tipo de ítem Koha
        Biblioteca del Ateneo de Madrid Biblioteca del Ateneo de Madrid Sala Pardo Bazán 17/01/2008     B-3671 1076333 23/02/2023 23/02/2023 Libro impreso